000 00781nam a2200265Ia 4500
001 Z_572
003 CHAP
008 220113s1973 xx 000 0 und d
010 _a163682
040 _cCHAP
090 _aTesis O 94
100 1 _aOrozco Aguirre, Alejandro
_983650
245 _aPosibilidades para el desarrollo de la ganadería de bovinos lecheros en el Estado de Sonora /
_cpor Alejandro Orozco Aguirre
260 _aChapingo, Méx. :
_bEl autor,
_c1973
300 _a81 h.
502 _aTesis (Ing. Agrónomo Esp. en Zootecnia) -- ENA. Departamento de Zootecnia
650 _aGanado lechero
_xSonora
_945298
650 _aSonora
_xGanadería
_9137818
901 _aTESIS O 94
902 _aM
910 _a1973
942 _c2
942 _c2
999 _c163682
_d163682